000 00329nam a2200145Ia 4500
003 OSt
005 20231215062709.0
008 170524s9999 xx 000 0 und d
020 _a9788183564328
040 _cIIMT UNIVERSITY
100 _aDASH A
245 0 _aOPINION WRITING
260 _bNEW DELHI: DISCOVERY
942 _2ddc
_c01
999 _c9312
_d9312